Ghana Investment Promotion Centre Act,1994 ( Act478 ).
| Format: | Book |
|---|---|
| Published: |
Ghana:
Ghana Investment Centre,
[199-].
|
| Subjects: |
| LEADER | 00447cam a2200157 7i4500 | ||
|---|---|---|---|
| 001 | 0000003194 | ||
| 005 | 19991025090000.0 | ||
| 002 | ##000004541 | ||
| 020 | 0 | 0 | |a T000004169 |
| 090 | 0 | 0 | |a GHAN 332.67152 |b GHA |
| 245 | 0 | 0 | |a Ghana Investment Promotion Centre Act,1994 ( Act478 ). |
| 260 | 0 | 0 | |a Ghana: |b Ghana Investment Centre, |c [199-]. |
| 300 | 0 | 0 | |a 17 p.. |
| 650 | 0 | 0 | |a Investments |
| 651 | 0 | 0 | |a Ghana |
| 999 | |a 0000005312 |b Book |c Open shelf |e Business Information Centre | ||